Irama asli[cd]

Bibliographic Details
Format: Book
Published: Kuala Lumpur , 2011
Subjects:

MARC

LEADER 00000cam a2200000 7i4500
001 0000039763
005 20140106.0
090 0 0 |a CD   |b 0133 
245 0 0 |a Irama asli[cd] 
260 |a Kuala Lumpur ,   |c 2011 
300 |a CD 
650 0 |a Jabatan Kebudayaan & Kesenian Negara 
650 0 |a Kementerian Penerangan Malaysia 
999 |a 0001261188   |b CD-ROM   |c Adult Collection   |e Cawangan Bandar Tenggara 
999 |a 0001261191   |b CD-ROM   |c Audiovisual   |e Cawangan Muar 
999 |a 0001261197   |b CD-ROM   |c REFERENCE   |e Cawangan Segamat 
999 |a CD01261194   |b CD-ROM   |c Adult Collection   |e Cawangan Taman Sri Lambak 
999 |a CD01261196   |b CD-ROM   |c Audiovisual   |e Cawangan Tmn. Ungku Tun Aminah 
999 |a CD01261933   |b CD-ROM   |c REFERENCE   |e Perbadanan Perpustakaan Awam Johor